Ειδική διδακτική
Αποθηκεύτηκε σε:
| Κύριος συγγραφέας: | |
|---|---|
| Μορφή: | Βιβλίο |
| Γλώσσα: | Greek |
| Δημοσίευση: |
Αθήναι :
Χριστιανική Ενωση Εκπαιδευτικών Λειτουργών,
1959
|
| Θέματα: | |
| Ετικέτες: |
Προσθήκη ετικέτας
Δεν υπάρχουν, Καταχωρήστε ετικέτα πρώτοι!
|
MARC
| LEADER | 00000cam a2200000 i 4500 | ||
|---|---|---|---|
| 001 | 1/99950 | ||
| 008 | 081220s1959 gre d | ||
| 035 | |l 10102662 | ||
| 040 | |a GR-MY-UA |b gre |e aacr | ||
| 041 | 0 | |a gre | |
| 082 | 0 | |a 372.1102 |2 (22) | |
| 100 | 1 | |a Κοροντζής, Παναγιώτης. | |
| 245 | 1 | 0 | |a Ειδική διδακτική / |c Παναγιώτου Γ. Κοροντζή |
| 260 | |a Αθήναι : |b Χριστιανική Ενωση Εκπαιδευτικών Λειτουργών, |c 1959 | ||
| 300 | |a 2 τ.; |c 24 εκ. | ||
| 505 | 0 | |a Τ.1. Πρώτη εκπαίδευσις. | |
| 650 | 0 | 0 | |a Teaching |x Evaluation. |
| 650 | 0 | 0 | |a Teaching |x Methodology. |
| 650 | 0 | 0 | |a Teaching |x Philosophy. |
| 650 | 0 | 0 | |a Education |x Study and teaching (Elementary) |
| 650 | 0 | 0 | |a Elementary school teaching. |
| 740 | 0 | 2 | |a Πρώτη εκπαίδευσις |
| 852 | |a INST |b RHODES |c AKA |e 20081220 |h 372.1102 ΚΟΡ |p 005400031721 |q 005400031721 |t BK |v τ.1: |y 0 |z τ.1 | ||
| 853 | |a INST |b RHODES |c AKA |h 372.1102 ΚΟΡ | ||
| 901 | |a BIBL4-2008-3 | ||
| 909 | |a Ρ |b 156744 | ||
| 970 | |a ΚΟΖΑ |b ΜΑΡΙΑ |z 2008/12/20 | ||